Trabajos bibliográficos del Centro de Estudios Históricos de Madrid / (Record no. 143639)

MARC details
000 -LEADER
campo de control de longitud fija 00859nam a22002171 4500
001 - NÚMERO DE CONTROL
campo de control 143639
003 - IDENTIFICADOR DE NÚMERO DE CONTROL
campo de control SpMaBN
005 - FECHA Y HORA DE LA ÚLTIMA TRANSACCIÓN
campo de control 20240129115649.0
008 - DATOS DE LONGITUD FIJA--INFORMACIÓN GENERAL
campo de control de longitud fija 981210s1931 it spa
016 7# - NÚMERO DE CONTROL DE UNA AGENCIA BIBLIOGRÁFICA NACIONAL
Número de control del registro bimoBNE20000171290
Número de control cancelado/no válido IND9800829779
Fuente SpMaBN
035 ## - NÚMERO DE CONTROL DEL SISTEMA
Número de control de sistema (OCoLC)432713315
040 ## - FUENTE DE CATALOGACIÓN
Centro catalogador/agencia de origen SpMaBN
Lengua de catalogación spa
Centro/agencia transcriptor CDM
Centro/agencia modificador ES-MaACL
100 1# - ENTRADA PRINCIPAL--NOMBRE DE PERSONA
Nombre de persona Serís, Homero,
Fechas asociadas al nombre 1879-1969
Número de control del registro de autoridad o número normalizado XX1278185
9 (RLIN) 105555
245 10 - MENCIÓN DEL TÍTULO
Título Trabajos bibliográficos del Centro de Estudios Históricos de Madrid /
Mención de responsabilidad, etc. Homero Seris
260 ## - PUBLICACIÓN, DISTRIBUCIÓN, ETC.
Lugar de publicación, distribución, etc. [Roma :
Nombre del editor, distribuidor, etc. Instituto Poligrafico dello Stato,
Fecha de publicación, distribución, etc. 1931?]
300 ## - DESCRIPCIÓN FÍSICA
Extensión 6 p. ;
Dimensiones 27 cm
500 ## - NOTA GENERAL
Nota general De: Estratto dal v. II. Atti del primo Congresso Mondiale delle biblioteche è di Bibliografia. Roma-Venezia 15-30 Giugno 1929. A VII
655 #7 - TERMINO DE INDIZACIÓN--GENERO/FORMA
Fuente del término tgfbne
9 (RLIN) 226825
Datos o término principal de género/forma Bibliografías
942 ## - ELEMENTOS DE ENTRADA SECUNDARIOS (KOHA)
Fuente del sistema de clasificación o colocación Clasificación decimal universal
Tipo de ítem Koha Libro impreso
Holdings
Estatus retirado Estado de pérdida Estado de daño No para préstamo Colección Biblioteca de origen Biblioteca actual Ubicación en estantería Fecha de adquisición Fuente de adquisición Total de préstamos Signatura topográfica completa Código de barras Visto por última vez Precio de reemplazo Tipo de ítem Koha
        Colección de folletos Biblioteca del Ateneo de Madrid Biblioteca del Ateneo de Madrid Depósito folletos 17/01/2008     1745-F-27 1149445 23/02/2023 23/02/2023 Folleto